Library of the University of Algiers 3
Ibrahim Sultan Cheibout
شعار جامعة الجزائر 3
مكتبة جامعة الجزائر 3
إبراهيم سلطان شيبوط

الوجيز في القانون الاداري / (رقم التسجيلة. 46111)

تفاصيل مارك
000 -LEADER
fixed length control field 01216nam a2200217Ia 4500
003 - CONTROL NUMBER IDENTIFIER
control field Ost
005 - DATE AND TIME OF LATEST TRANSACTION
control field 20260507075738.0
008 - FIXED-LENGTH DATA ELEMENTS--GENERAL INFORMATION
fixed length control field 260507s9999||||xx |||||||||||||| ||und||
040 ## - CATALOGING SOURCE
Transcribing agency fsecg
041 ## - LANGUAGE CODE
Language code of text/sound track or separate title ara
082 ## - DEWEY DECIMAL CLASSIFICATION NUMBER
Classification number 346.06
100 ## - MAIN ENTRY--PERSONAL NAME
Personal name الذنيبات، محمد جمال مطلق
Relator term مؤلف
245 #0 - TITLE STATEMENT
Title الوجيز في القانون الاداري /
Statement of responsibility, etc. محمد جمال مطلق الذنيبات
260 ## - PUBLICATION, DISTRIBUTION, ETC.
Place of publication, distribution, etc. عمان:
Name of publisher, distributor, etc. الدار العلمية الدولية للنشر,
Date of publication, distribution, etc. 2003
300 ## - PHYSICAL DESCRIPTION
Extent 371 صفحة؛
Dimensions 25 سم
490 ## - SERIES STATEMENT
Series statement المكتبة القانونية(483)
520 ## - SUMMARY, ETC.
Summary, etc. ماهية القانون الإداري،أشخاص االقانون الاداري،التنظيم الاداري المركزي،أساليب التنظيم الاداري اللامركزي،تطبيقات المركزية في الأردن،النشاط االاداري،المرافق العامة،الضبط الاداري،وسائل الادارة العامة،القرارات الادارية،العقود الادارية،الوظيفة العامة،الأموال العامة
653 ## - INDEX TERM--UNCONTROLLED
Uncontrolled term العقود الادارية
653 ## - INDEX TERM--UNCONTROLLED
Uncontrolled term القانون الاداري
942 ## - ADDED ENTRY ELEMENTS (KOHA)
Koha item type كتب
المقتنيات
Withdrawn status Lost status Source of classification or shelving scheme Damaged status Not for loan Home library Current library Date acquired Serial enumeration / chronology Inventory number Total checkouts Full call number Barcode Date last seen Price effective from Koha item type
    Library of Congress Classification   NOT LOAN / إعارة داخلية مكتبة كلية العلوم الإقتصادية والعلوم التجارية وعلوم التسيير مكتبة كلية العلوم الإقتصادية والعلوم التجارية وعلوم التسيير 07/05/2026 الطابق الأرضي 1264/1   أ/1264ن1 1264/1 07/05/2026 07/05/2026 كتب
    Dewey Decimal Classification   Available مكتبة كلية العلوم الإقتصادية والعلوم التجارية وعلوم التسيير مكتبة كلية العلوم الإقتصادية والعلوم التجارية وعلوم التسيير 07/05/2026 الطابق الأرضي 1264/2   أ/1264ن2 1264/2 07/05/2026 07/05/2026 كتب
    Dewey Decimal Classification   Available مكتبة كلية العلوم الإقتصادية والعلوم التجارية وعلوم التسيير مكتبة كلية العلوم الإقتصادية والعلوم التجارية وعلوم التسيير 07/05/2026 الطابق الثاني 1264/3   أ/1264ن3 1264/3 07/05/2026 07/05/2026 كتب

موارد الويب المفتوحة


© University of Algiers 3 All Rights Reserved
|
Implemented by LECHELAH Riad